[Event "Zuerich op-A 29th"]
[Site "Zuerich"]
[Date "2005.12.29"]
[Round "6"]
[White "Ott, Frank"]
[Black "Duratti, Lindo"]
[Result "0-1"]
[WhiteElo "2345"]
[BlackElo "2213"]
[PlyCount "82"]
[EventDate "2005.12.26"]
[EventType "swiss"]
[EventRounds "7"]
[EventCountry "SUI"]
[SourceTitle "CBM 110 Extra"]
[Source "ChessBase"]
[SourceDate "2006.03.10"]
[SourceVersion "2"]
[SourceVersionDate "2006.03.10"]
[SourceQuality "1"]

1. e4 e5 2. Nf3 d6 3. d4 Nd7 4. Bc4 Be7 5. 0-0 Ngf6 6. Nc3 0-0 7. Re1 c6 8. a4 a5 9. h3 Qc7 10. b3 Nb6 11. Bf1 Re8 12. Bb2 Bf8 13. Qd2 Bd7 14. Rad1 Rad8 15. g3 Bc8 16. Bg2 Nbd7 17. Nh2 b6 18. Nf1 g6 19. g4 Bg7 20. Ng3 h6 21. Nce2 d5 22. exd5 Nxd5 23. dxe5 Nxe5 24. Nd4 Nb4 25. f4 Nd7 26. c3 Rxe1+ 27. Qxe1 Bxd4+ 28. cxd4 Nd5 29. f5 N7f6 30. fxg6 fxg6 31. Qe5 Qd7 32. Bxd5+ Nxd5 33. Re1 Qg7 34. Ne4 Qxe5 35. dxe5 Be6 36. Nd6 Nf4 37. Re3 Rf8 38. Ne4 Nd5 39. Nf6+ Rxf6 40. Re2 Rf3 41. Rc2 c5 0-1

[Event "GER-ch 75th"]
[Site "Hoeckendorf"]
[Date "2004.02.01"]
[Round "3"]
[White "Tischbierek, Raj"]
[Black "Ott, Frank"]
[Result "1/2-1/2"]
[WhiteElo "2507"]
[BlackElo "2313"]
[PlyCount "87"]
[EventDate "2004.01.30"]
[EventType "swiss"]
[EventRounds "9"]
[EventCountry "GER"]
[SourceTitle "CBM 100"]
[Source "ChessBase"]
[SourceDate "2004.06.01"]
[SourceVersion "1"]
[SourceVersionDate "2004.06.01"]
[SourceQuality "1"]

1. e4 c5 2. Nc3 Nc6 3. Nge2 e5 4. Nd5 d6 5. Nec3 a6 6. a4 Nf6 7. Bc4 Be6 8. d3 Be7 9. 0-0 Nb4 10. f4 Nbxd5 11. exd5 Bg4 12. Qe1 exf4 13. Bxf4 0-0 14. Qg3 Bf5 15. Qf3 Bg6 16. Rae1 Qd7 17. g4 Rfe8 18. h3 Bf8 19. Qg3 Rxe1 20. Rxe1 Re8 21. Ra1 Qc7 22. a5 Nd7 23. Nd1 Ne5 24. Ne3 Be7 25. Kf1 Qd8 26. Kg1 Bh4 27. Qg2 Bg5 28. Qg3 Bxf4 29. Qxf4 Qh4 30. Kh2 h5 31. Ng2 Qd8 32. Bb3 hxg4 33. hxg4 Bh7 34. Kg3 Ng6 35. Qf3 Qg5 36. Rf1 Re7 37. Qf5 Qxf5 38. gxf5 Ne5 39. f6 Rc7 40. Nf4 Bg6 41. fxg7 Kxg7 42. Ba4 Rc8 43. Rb1 Kf6 44. b4 1/2-1/2

[Event "GER-ch 75th"]
[Site "Hoeckendorf"]
[Date "2004.01.31"]
[Round "2"]
[White "Latzke, Boris Alexander"]
[Black "Ott, Frank"]
[Result "0-1"]
[WhiteElo "2246"]
[BlackElo "2313"]
[PlyCount "60"]
[EventDate "2004.01.30"]
[EventType "swiss"]
[EventRounds "9"]
[EventCountry "GER"]
[SourceTitle "CBM 100"]
[Source "ChessBase"]
[SourceDate "2004.06.01"]
[SourceVersion "1"]
[SourceVersionDate "2004.06.01"]
[SourceQuality "1"]

1. d4 d6 2. e4 Nf6 3. f3 e6 4. Be3 d5 5. e5 Nfd7 6. f4 c5 7. Nf3 Qb6 8. Nc3 Nc6 9. Qd2 a6 10. 0-0-0 Qa5 11. Kb1 c4 12. Ne2 Bb4 13. c3 Be7 14. g4 b5 15. f5 Nb6 16. f6 gxf6 17. exf6 Bxf6 18. Ne5 Nxe5 19. dxe5 Bxe5 20. Nd4 Bd7 21. Nf3 Bc7 22. Bg5 Na4 23. Bg2 Rb8 24. Bf6 Rg8 25. b4 cxb3 26. axb3 b4 27. c4 Nc3+ 28. Bxc3 bxc3 29. Qa2 Qxa2+ 30. Kxa2 dxc4 0-1

[Event "Oberliga Wuerttemberg 0203"]
[Site "Wuerttemberg"]
[Date "2003.02.23"]
[Round "6"]
[White "Ott, Frank"]
[Black "Gaertner, Guntram"]
[Result "1/2-1/2"]
[WhiteElo "2285"]
[BlackElo "2312"]
[PlyCount "127"]
[EventDate "2002.10.13"]
[EventType "team-tourn"]
[EventRounds "9"]
[EventCountry "GER"]
[SourceTitle "EXT 2019"]
[Source "ChessBase"]
[SourceDate "2018.10.10"]
[SourceVersion "1"]
[SourceVersionDate "2018.10.10"]
[SourceQuality "1"]
[WhiteTeam "Wolfbusch"]
[BlackTeam "Lindenberg"]
[WhiteTeamCountry "GER"]
[BlackTeamCountry "GER"]

1. Nf3 Nf6 2. g3 b6 3. Bg2 Bb7 4. d3 d5 5. 0-0 e6 6. e4 dxe4 7. Ng5 h6 8. Nxe4 Nxe4 9. Bxe4 Bxe4 10. dxe4 Qxd1 11. Rxd1 Nd7 12. b3 Be7 13. Bb2 Bf6 14. Bxf6 Nxf6 15. Nc3 Ke7 16. f3 Rhd8 17. Nb5 c6 18. Rxd8 Kxd8 19. Rd1+ Ke7 20. Nd4 Rc8 21. Kf2 a6 22. Ke3 c5 23. Ne2 c4 24. b4 Nd7 25. f4 Nb8 26. a4 Nc6 27. Rb1 b5 28. axb5 axb5 29. Nd4 Nxd4 30. Kxd4 c3 31. Ra1 Rc4+ 32. Kd3 g5 33. Ra3 Rxb4 34. Rxc3 gxf4 35. gxf4 Rb1 36. Rb3 Rh1 37. Rxb5 Rxh2 38. Rb7+ Kf6 39. c4 Rh3+ 40. Kd4 Rh1 41. e5+ Kg6 42. Rb3 Kf5 43. c5 Rd1+ 44. Rd3 Rc1 45. Rc3 Rd1+ 46. Ke3 Rd8 47. c6 Rc8 48. Rc1 f6 49. Kd4 h5 50. exf6 Kxf6 51. Kc5 Kf5 52. Rf1 h4 53. Kd6 Rd8+ 54. Ke7 Rd2 55. Rc1 Ra2 56. c7 Ra7 57. Kd6 Rxc7 58. Rxc7 Kxf4 59. Rh7 Kg3 60. Ke5 h3 61. Ke4 h2 62. Ke3 Kg2 63. Rg7+ Kf1 64. Rf7+ 1/2-1/2

[Event "Oberliga Wuerttemberg 0102"]
[Site "Wuerttemberg"]
[Date "2002.??.??"]
[Round "5"]
[White "Khadempour, Farhad"]
[Black "Ott, Frank"]
[Result "1-0"]
[WhiteElo "2173"]
[BlackElo "2266"]
[PlyCount "91"]
[EventDate "2001.10.01"]
[EventType "team-tourn"]
[EventRounds "9"]
[EventCountry "GER"]
[SourceTitle "EXT 2019"]
[Source "ChessBase"]
[SourceDate "2018.10.10"]
[SourceVersion "1"]
[SourceVersionDate "2018.10.10"]
[SourceQuality "1"]
[WhiteTeam "Tuebingen"]
[BlackTeam "Wolfbusch"]
[WhiteTeamCountry "GER"]
[BlackTeamCountry "GER"]

1. c4 e6 2. Nf3 c5 3. e3 Nf6 4. Be2 d5 5. cxd5 Nxd5 6. 0-0 Be7 7. a3 0-0 8. Qc2 b6 9. Rd1 Bb7 10. d4 cxd4 11. Nxd4 Qc8 12. Qb3 Nd7 13. Bd2 Nc5 14. Qa2 e5 15. Nb5 Nf6 16. b4 Nce4 17. Be1 a5 18. bxa5 bxa5 19. Qb2 Qf5 20. f3 Nc5 21. e4 Ncxe4 22. fxe4 Bc5+ 23. Kh1 Bxe4 24. Bg3 Rad8 25. N1c3 Bc6 26. Rf1 Qg5 27. Rad1 Bd4 28. Qc2 h5 29. Qf5 Qh6 30. Bxe5 Bxe5 31. Qxe5 Rde8 32. Qc5 Ba8 33. Nc7 Rc8 34. Qxa5 h4 35. Bf3 Bxf3 36. Rxf3 g6 37. Rxf6 Rfd8 38. Rfd6 Rxd6 39. Rxd6 Qf4 40. Rd1 Rxc7 41. Ne2 Qc4 42. Rd8+ Kh7 43. Qd2 Re7 44. Rh8+ Kxh8 45. Qd8+ Kg7 46. Qxe7 1-0

[Event "Wuerttemberg op"]
[Site "Germany"]
[Date "2001.09.01"]
[Round "8"]
[White "Ott, Frank"]
[Black "Raedeker, Bernd"]
[Result "1-0"]
[WhiteElo "2272"]
[BlackElo "2224"]
[PlyCount "63"]
[EventDate "2001.08.??"]
[EventType "swiss"]
[EventRounds "8"]
[EventCountry "GER"]
[SourceTitle "EXT 2002"]
[Source "ChessBase"]
[SourceDate "2001.11.25"]
[SourceVersion "1"]
[SourceVersionDate "2001.11.25"]
[SourceQuality "1"]

1. e4 e6 2. d4 d5 3. Nc3 Nf6 4. Bg5 Be7 5. e5 Nfd7 6. Bxe7 Qxe7 7. f4 a6 8. Nf3 b6 9. Bd3 c5 10. 0-0 Nc6 11. Qd2 Bb7 12. b3 f5 13. exf6 Nxf6 14. dxc5 bxc5 15. Rae1 0-0-0 16. Qe2 c4 17. bxc4 Qc5+ 18. Kh1 Rhe8 19. Ne5 Nd4 20. Qf2 dxc4 21. Nxc4 Kb8 22. Rb1 Ka7 23. Na4 Qc6 24. Na5 Qxa4 25. Nxb7 Rd5 26. c4 Rdd8 27. Rfd1 Qxd1+ 28. Rxd1 Kxb7 29. Qb2+ Kc7 30. Rb1 Nc6 31. Qb7+ Kd6 32. Qxg7 1-0

[Event "Wuerttemberg op"]
[Site "Germany"]
[Date "2001.08.27"]
[Round "3"]
[White "Straub, Peter"]
[Black "Ott, Frank"]
[Result "0-1"]
[WhiteElo "2068"]
[BlackElo "2272"]
[PlyCount "68"]
[EventDate "2001.08.??"]
[EventType "swiss"]
[EventRounds "8"]
[EventCountry "GER"]
[SourceTitle "EXT 2002"]
[Source "ChessBase"]
[SourceDate "2001.11.25"]
[SourceVersion "1"]
[SourceVersionDate "2001.11.25"]
[SourceQuality "1"]

1. e4 c5 2. Nf3 d6 3. Bb5+ Nc6 4. 0-0 Bd7 5. c3 Nf6 6. d3 g6 7. Nbd2 Bg7 8. Qe2 0-0 9. a4 a6 10. Bc4 Rb8 11. d4 cxd4 12. cxd4 Bg4 13. Nb3 d5 14. exd5 Nxd5 15. a5 e6 16. Rd1 Qf6 17. h3 Bxf3 18. Qxf3 Qxf3 19. gxf3 Rfd8 20. Kg2 Rbc8 21. Bf1 Rc7 22. Be3 Rd6 23. Rac1 h6 24. f4 Nde7 25. Bd3 Nf5 26. Be4 Nfe7 27. Rc5 Rcd7 28. Rc2 Nd5 29. Nc5 Rc7 30. Nb3 Rd8 31. Rdc1 Bf8 32. Bd2 Rcd7 33. Nc5 Bxc5 34. dxc5 Nd4 0-1

[Event "Wuerttemberg op"]
[Site "Germany"]
[Date "2001.08.25"]
[Round "1"]
[White "Zeller, Frank"]
[Black "Ott, Frank"]
[Result "1-0"]
[WhiteElo "2422"]
[BlackElo "2272"]
[PlyCount "125"]
[EventDate "2001.08.??"]
[EventType "swiss"]
[EventRounds "8"]
[EventCountry "GER"]
[SourceTitle "EXT 2002"]
[Source "ChessBase"]
[SourceDate "2001.11.25"]
[SourceVersion "1"]
[SourceVersionDate "2001.11.25"]
[SourceQuality "1"]

1. e4 c5 2. Nf3 d6 3. d4 cxd4 4. Nxd4 Nf6 5. Nc3 a6 6. a4 g6 7. Bc4 Bg7 8. 0-0 0-0 9. Re1 Nc6 10. Nb3 Be6 11. Nd5 Rc8 12. Bf1 Nd7 13. c3 Re8 14. a5 Nce5 15. Ra4 Nc5 16. Rb4 Rb8 17. Be3 Nc6 18. Nxc5 dxc5 19. Rb6 Nxa5 20. Bxc5 Nc6 21. Bxa6 bxa6 22. Rxc6 Rxb2 23. Bxe7 Qa8 24. Rc7 Rc8 25. Ba3 Bxd5 26. Rxc8+ Qxc8 27. Bxb2 Be6 28. Qd6 h5 29. Ba3 Qxc3 30. Bb4 Qc4 31. h3 Kh7 32. Bd2 Bd4 33. Rc1 Qa4 34. Bb4 Bg7 35. Qc5 Qb3 36. Bc3 Bxc3 37. Qxc3 Qb5 38. Rd1 Qg5 39. Rb1 Qf4 40. Rb6 h4 41. g3 hxg3 42. fxg3 Qh6 43. h4 Qf8 44. Rxa6 Qd8 45. Ra1 Qb6+ 46. Kg2 Qb7 47. Re1 Qe7 48. Rf1 Qd7 49. Kh2 Qa7 50. Qb2 Qe3 51. Rf4 Qd3 52. Qf2 Kg7 53. Kg2 Qc3 54. Rf3 Qc4 55. Qe3 Kh7 56. Rf2 Qb4 57. Rd2 Qc4 58. Rd4 Qc2+ 59. Qd2 Qc6 60. Kh2 Bc8 61. Rd8 Bg4 62. Qb2 f6 63. Qa2 1-0

[Event "Oberliga Wuerttemberg 0102"]
[Site "Wuerttemberg"]
[Date "2001.??.??"]
[Round "1"]
[White "Rau, Hannes"]
[Black "Ott, Frank"]
[Result "0-1"]
[WhiteElo "2258"]
[BlackElo "2266"]
[PlyCount "106"]
[EventDate "2001.10.01"]
[EventType "team-tourn"]
[EventRounds "9"]
[EventCountry "GER"]
[SourceTitle "EXT 2019"]
[Source "ChessBase"]
[SourceDate "2018.10.10"]
[SourceVersion "1"]
[SourceVersionDate "2018.10.10"]
[SourceQuality "1"]
[WhiteTeam "Tamm 74"]
[BlackTeam "Wolfbusch"]
[WhiteTeamCountry "GER"]
[BlackTeamCountry "GER"]

1. d4 d6 2. c4 e5 3. Nf3 exd4 4. Nxd4 g6 5. g3 Bg7 6. Bg2 Ne7 7. 0-0 0-0 8. Nc3 Nd7 9. Qd2 a6 10. b3 Rb8 11. Bb2 Nc5 12. Rfd1 Bd7 13. b4 Na4 14. Nxa4 Bxa4 15. Nb3 Nc6 16. Bxg7 Kxg7 17. c5 dxc5 18. Qxd8 Rfxd8 19. Rxd8 Nxd8 20. Nxc5 Bb5 21. e3 b6 22. Nb3 Ne6 23. Bd5 Kf6 24. Rc1 Rc8 25. f4 c6 26. Kf2 Rc7 27. Bc4 Bxc4 28. Rxc4 Ke7 29. e4 Kd6 30. Ke3 f6 31. f5 Ng5 32. h4 Nf7 33. Rd4+ Ke7 34. g4 Rc8 35. Kf4 g5+ 36. hxg5 Nxg5 37. e5 fxe5+ 38. Kxe5 Nf3+ 39. Ke4 Nxd4 40. Nxd4 c5 41. bxc5 bxc5 42. Ne2 h6 43. Nc3 Kd6 44. Kf4 Rb8 45. Ne4+ Kd5 46. f6 Re8 47. Nc3+ Ke6 48. g5 hxg5+ 49. Kxg5 c4 50. Ne4 Rc8 51. f7 Kxf7 52. Nd6+ Ke6 53. Nxc8 c3 0-1

[Event "Oberliga Wuerttemberg 9900"]
[Site "Wuerttemberg"]
[Date "2000.03.19"]
[Round "?"]
[White "Hoensch, Matthias"]
[Black "Ott, Frank"]
[Result "1/2-1/2"]
[WhiteElo "2311"]
[BlackElo "2274"]
[PlyCount "100"]
[EventDate "1999.??.??"]
[EventType "team"]
[EventRounds "9"]
[EventCountry "GER"]
[SourceTitle "EXT 2005"]
[Source "ChessBase"]
[SourceDate "2004.11.15"]
[SourceVersion "1"]
[SourceVersionDate "2004.11.15"]
[SourceQuality "1"]

1. d4 Nf6 2. Nf3 g6 3. c4 Bg7 4. Nc3 0-0 5. e4 d6 6. Be2 e5 7. Be3 Ng4 8. Bg5 f6 9. Bh4 Nc6 10. d5 Ne7 11. Nd2 Nh6 12. f3 f5 13. 0-0 Nf7 14. Bf2 c5 15. Rb1 Kh8 16. b4 b6 17. bxc5 dxc5 18. Qb3 Nd6 19. a4 Nb7 20. Rb2 Bd7 21. Rfb1 Nc8 22. Qc2 Bf6 23. Kh1 Bg5 24. Bd3 Bh4 25. Bg1 f4 26. Nb3 a5 27. Bf1 h5 28. Nc1 Qc7 29. Nd3 Qd6 30. Nb5 Bxb5 31. Rxb5 Bd8 32. Bf2 Bc7 33. Be1 Qf6 34. Bc3 Ra6 35. g3 fxg3 36. f4 Qh4 37. Nxe5 Kh7 38. Qg2 Qxh2+ 39. Qxh2 gxh2 40. Nd7 Rxf4 41. e5 Ra8 42. R5b3 Ne7 43. d6 Nxd6 44. exd6 Bxd6 45. Nf6+ Rxf6 46. Bxf6 Nf5 47. Bg2 Rf8 48. Bc3 Ng3+ 49. Kxh2 Ne2+ 50. Kh1 Ng3+ 1/2-1/2

[Event "Oberliga Wuerttemberg 9900"]
[Site "Wuerttemberg"]
[Date "2000.02.06"]
[Round "?"]
[White "Englmeier, Heinz"]
[Black "Ott, Frank"]
[Result "1-0"]
[WhiteElo "2192"]
[BlackElo "2274"]
[PlyCount "137"]
[EventDate "1999.??.??"]
[EventType "team"]
[EventRounds "9"]
[EventCountry "GER"]
[SourceTitle "EXT 2005"]
[Source "ChessBase"]
[SourceDate "2004.11.15"]
[SourceVersion "1"]
[SourceVersionDate "2004.11.15"]
[SourceQuality "1"]

1. Nf3 c5 2. c4 g6 3. Nc3 Bg7 4. g3 Nc6 5. Bg2 e5 6. 0-0 Nge7 7. d3 d6 8. Bg5 f6 9. Bd2 Be6 10. a3 0-0 11. Rb1 a5 12. Re1 h6 13. Kh1 f5 14. Ng1 Rb8 15. f4 exf4 16. Bxf4 g5 17. Bd2 d5 18. cxd5 Nxd5 19. Nf3 Qd7 20. Qc2 Nde7 21. Nb5 Rbc8 22. a4 Nb4 23. Qd1 Nec6 24. Rf1 Rfd8 25. Be3 b6 26. Qd2 Bb3 27. Nc3 Nd4 28. Rbc1 Bc2 29. Bxd4 cxd4 30. Rxc2 Nxc2 31. Qxc2 dxc3 32. bxc3 Rxc3 33. Qa2+ Kh8 34. Nd2 b5 35. axb5 Qxb5 36. Nc4 a4 37. Rb1 Rb3 38. Rf1 Rd7 39. Rd1 Qb4 40. Rf1 Qb5 41. Bh3 g4 42. Bg2 Rd8 43. h3 h5 44. Ne3 Rf8 45. Nd5 Rb2 46. Qa3 gxh3 47. Bf3 Rb1 48. Rxb1 Qxb1+ 49. Kh2 h4 50. Qxa4 hxg3+ 51. Kxg3 Rg8 52. Kxh3 Qe1 53. Qf4 Qf1+ 54. Kh4 Qf2+ 55. Kh5 Bf8 56. Qe5+ Rg7 57. Ne3 Kg8 58. Nxf5 Rh7+ 59. Kg5 Qg1+ 60. Bg4 Qb6 61. Qd5+ Kh8 62. Qa8 Kg8 63. d4 Kf7 64. Qd5+ Ke8 65. Bh5+ Rxh5+ 66. Kxh5 Qf6 67. Kg4 Qg6+ 68. Kf4 Qa6 69. e4 1-0

[Event "Bad Woerishofen op 15th"]
[Site "Bad Woerishofen"]
[Date "1999.??.??"]
[Round "6"]
[White "Machelett, Heiko"]
[Black "Ott, Frank"]
[Result "1-0"]
[WhiteElo "2436"]
[BlackElo "2242"]
[PlyCount "121"]
[EventDate "1999.03.05"]
[EventType "swiss"]
[EventRounds "9"]
[EventCountry "GER"]
[SourceTitle "EXT 2002"]
[Source "ChessBase"]
[SourceDate "2001.11.25"]
[SourceVersion "1"]
[SourceVersionDate "2001.11.25"]
[SourceQuality "1"]

1. d4 Nf6 2. Nf3 g6 3. b4 Bg7 4. Bb2 0-0 5. c4 d6 6. e3 e5 7. dxe5 Ng4 8. Be2 Nc6 9. Qb3 Ncxe5 10. Nxe5 Nxe5 11. 0-0 a5 12. a3 axb4 13. axb4 Rxa1 14. Bxa1 Re8 15. Nc3 Be6 16. Nd5 c6 17. Nf4 Bf5 18. Rd1 Qe7 19. Bd4 Ng4 20. Bxg7 Kxg7 21. Qc3+ Qe5 22. Qd2 Rd8 23. Bd3 Bxd3 24. Qxd3 h5 25. Qd2 h4 26. h3 Nh6 27. Nd3 Qf6 28. Nc5 Qe7 29. Qd4+ f6 30. Nb3 Nf5 31. Qf4 Qe5 32. Qxe5 fxe5 33. e4 Nd4 34. Nxd4 exd4 35. Rxd4 Kf6 36. f4 Ke6 37. c5 d5 38. Rd2 Ra8 39. exd5+ cxd5 40. Re2+ Kf5 41. Re5+ Kxf4 42. Rxd5 Ra1+ 43. Kf2 Ra2+ 44. Kf1 Rb2 45. Rd6 Rxb4 46. Rxg6 Ke3 47. Rb6 Rc4 48. Rb3+ Kf4 49. Rxb7 Rxc5 50. Rg7 Ke3 51. Kg1 Rc4 52. Kh2 Ra4 53. Rf7 Ra8 54. Rf5 Ra7 55. Re5+ Kf2 56. Re4 Rh7 57. Re5 Rg7 58. Rf5+ Ke3 59. Rh5 Kf2 60. Kh1 Kg3 61. Rf5 1-0

[Event "Bayern-chI Bank Hofmann 2nd"]
[Site "Bad Wiessee"]
[Date "1998.12.01"]
[Round "4"]
[White "Kachiani Gersinska, Ketino"]
[Black "Ott, Frank"]
[Result "1/2-1/2"]
[WhiteElo "2420"]
[BlackElo "2235"]
[PlyCount "92"]
[EventDate "1998.11.28"]
[EventType "swiss"]
[EventRounds "9"]
[EventCountry "GER"]
[SourceTitle "EXT 2001"]
[Source "ChessBase"]
[SourceDate "2000.11.22"]
[SourceVersion "1"]
[SourceVersionDate "2000.11.22"]
[SourceQuality "1"]

1. d4 Nf6 2. c4 c5 3. d5 b5 4. Nf3 Bb7 5. a4 Qa5+ 6. Bd2 b4 7. Qc2 d6 8. e4 Nbd7 9. h3 g6 10. Bd3 Bg7 11. 0-0 0-0 12. Be3 Rae8 13. Nbd2 Qc7 14. Rae1 e5 15. g4 Kh8 16. Kg2 Bc8 17. Rh1 Ng8 18. b3 Ndf6 19. Reg1 Ne7 20. Kf1 Nfg8 21. Nh4 Qd8 22. Ke1 f6 23. Nf1 Bh6 24. Qd2 Bf4 25. Ng3 g5 26. Nhf5 Ng6 27. h4 Bxf5 28. gxf5 Nxh4 29. Qe2 Qe7 30. Qg4 Nh6 31. Qh5 Nf7 32. Qd1 Nd8 33. Be2 Nb7 34. Kd2 Na5 35. Kd3 Rb8 36. Kc2 Rb7 37. Nh5 Qe8 38. Bd3 Rb6 39. Qg4 Rb7 40. Rh3 Bxe3 41. fxe3 Qf7 42. Be2 Rbb8 43. Rh2 Rg8 44. Kb2 Rbf8 45. Kc2 Rb8 46. Kb2 Rbf8 1/2-1/2

[Event "Stuttgart-ch"]
[Site "Stuttgart"]
[Date "1998.??.??"]
[Round "5"]
[White "Ott, Frank"]
[Black "Gheng, Josef"]
[Result "1/2-1/2"]
[WhiteElo "2220"]
[BlackElo "2350"]
[PlyCount "120"]
[EventDate "1998.??.??"]
[EventType "swiss"]
[EventRounds "7"]
[EventCountry "GER"]
[SourceTitle "EXT 2002"]
[Source "ChessBase"]
[SourceDate "2001.11.25"]
[SourceVersion "1"]
[SourceVersionDate "2001.11.25"]
[SourceQuality "1"]

1. e4 c5 2. Nf3 d6 3. d4 cxd4 4. Nxd4 Nf6 5. Nc3 g6 6. Bc4 Bg7 7. 0-0 0-0 8. Re1 Nc6 9. h3 Nxd4 10. Qxd4 Nd7 11. Qe3 Ne5 12. Bb3 Bd7 13. f4 Nc6 14. Qd3 a5 15. Be3 Nb4 16. Qd2 Bc6 17. a3 Na6 18. Qf2 Nc5 19. Bd4 Bxd4 20. Qxd4 Nxb3 21. cxb3 f5 22. Qc4+ Rf7 23. e5 d5 24. Qd4 e6 25. b4 Rc8 26. Rad1 Be8 27. bxa5 Qxa5 28. Qe3 Rfc7 29. Ne2 Rc4 30. Nd4 Bd7 31. Rd2 b5 32. g4 Kh8 33. Kh2 b4 34. axb4 Qxb4 35. Rg1 Rc1 36. Rgg2 fxg4 37. hxg4 Qe7 38. Qg3 Rf1 39. Rc2 Rf8 40. Rgf2 Rd1 41. Rcd2 Rxd2 42. Rxd2 Qb4 43. Qe3 Kg7 44. Kg3 h5 45. gxh5 Rh8 46. hxg6 Rh6 47. Nf3 Rxg6+ 48. Ng5 Rh6 49. Rg2 d4 50. Qe4 Qb6 51. Rd2 d3 52. Rxd3 Bc6 53. Qd4 Qa5 54. Qc3 Qb6 55. Rd1 Bd5 56. Rc1 Rh8 57. Qc7+ Qxc7 58. Rxc7+ Kg6 59. Re7 Rb8 60. Nxe6 Rxb2 1/2-1/2

[Event "Neckar op 1st"]
[Site "Deizisau"]
[Date "1997.??.??"]
[Round "7"]
[White "Ott, Frank"]
[Black "Berezovsky, Igor"]
[Result "0-1"]
[WhiteElo "2245"]
[BlackElo "2375"]
[PlyCount "90"]
[EventDate "1997.??.??"]
[EventType "swiss"]
[EventRounds "9"]
[EventCountry "GER"]
[SourceTitle "EXT 1999"]
[Source "ChessBase"]
[SourceDate "1998.11.16"]
[SourceVersion "1"]
[SourceVersionDate "1998.11.16"]
[SourceQuality "1"]

1. e4 e6 2. d4 d5 3. Nc3 Bb4 4. e5 Qd7 5. Nf3 b6 6. Bd3 Ba6 7. 0-0 c5 8. Bxa6 Nxa6 9. Ne2 c4 10. b3 Rc8 11. c3 Bf8 12. b4 Nb8 13. a4 Nc6 14. Re1 Kd8 15. Ng3 Kc7 16. h4 Kb7 17. Bf4 Be7 18. Qd2 Bd8 19. Re2 Nge7 20. Nh5 Rg8 21. g4 Ng6 22. Bg3 Bc7 23. Rf1 Bd8 24. Rfe1 Qe8 25. Kg2 Be7 26. Kh3 Bd8 27. Qe3 h6 28. Rf1 Be7 29. Ne1 Nf8 30. Qf3 Bxb4 31. Nc2 Be7 32. Ne3 Bd8 33. Nxd5 exd5 34. Qxd5 g6 35. Nf4 Qd7 36. Qe4 h5 37. f3 hxg4+ 38. fxg4 g5 39. Nh5 gxh4 40. Bxh4 Bxh4 41. Kxh4 Kb8 42. Kg3 Qb7 43. Qf5 Nd8 44. Nf6 Rh8 45. Ne4 Qe7 0-1

[Event "Neckar op 1st"]
[Site "Deizisau"]
[Date "1997.??.??"]
[Round "6"]
[White "Schwierskott, Marc"]
[Black "Ott, Frank"]
[Result "0-1"]
[WhiteElo "2090"]
[BlackElo "2245"]
[PlyCount "90"]
[EventDate "1997.??.??"]
[EventType "swiss"]
[EventRounds "9"]
[EventCountry "GER"]
[SourceTitle "EXT 1999"]
[Source "ChessBase"]
[SourceDate "1998.11.16"]
[SourceVersion "1"]
[SourceVersionDate "1998.11.16"]
[SourceQuality "1"]

1. c4 g6 2. Nc3 Bg7 3. d4 d6 4. e4 Nf6 5. Be2 0-0 6. Bg5 Na6 7. Qd2 e5 8. d5 Nc5 9. f3 a5 10. g4 h6 11. Be3 h5 12. g5 Nfd7 13. Nh3 Re8 14. Nf2 a4 15. Rg1 c6 16. h4 Qa5 17. Rb1 Qb4 18. Ncd1 Na6 19. Nd3 Qxd2+ 20. Kxd2 Ndc5 21. Nxc5 Nxc5 22. Nc3 Bd7 23. Bd1 cxd5 24. Nxd5 Red8 25. Nb6 Ra6 26. Nxd7 Rxd7 27. Bc2 Bf8 28. b4 axb3 29. axb3 Rd8 30. Ra1 Rda8 31. Rxa6 Rxa6 32. f4 exf4 33. Bxf4 Bg7 34. Be3 Ne6 35. Kd3 Be5 36. c5 dxc5 37. Kc4 Rc6 38. Rd1 Bd4 39. Bd2 Bf2 40. Rh1 b5+ 41. Kd5 Ra6 42. e5 Ra2 43. Rh2 Bg3 44. Bb1 Rb2 45. Rg2 Bf4 0-1

[Event "Oberliga Wuerttemberg 9697"]
[Site "Wuerttemberg"]
[Date "1996.??.??"]
[Round "?"]
[White "Raedeker, Bernd"]
[Black "Ott, Frank"]
[Result "1/2-1/2"]
[WhiteElo "2200"]
[BlackElo "2245"]
[PlyCount "34"]
[EventDate "1996.09.??"]
[EventType "team"]
[EventRounds "9"]
[EventCountry "GER"]
[SourceTitle "EXT 1999"]
[Source "ChessBase"]
[SourceDate "1998.11.16"]
[SourceVersion "1"]
[SourceVersionDate "1998.11.16"]
[SourceQuality "1"]

1. Nf3 d6 2. d4 Nf6 3. c4 g6 4. Nc3 Bg7 5. e4 0-0 6. Be2 e5 7. 0-0 Nc6 8. d5 Ne7 9. b4 a5 10. bxa5 c5 11. dxc6 Nxc6 12. Be3 Qxa5 13. Qb3 Bg4 14. Bb6 Qb4 15. Rfb1 Qxb3 16. axb3 Nd4 17. Bd1 Ne6 1/2-1/2

[Event "Oberliga Wuerttemberg 9394"]
[Site "Wuerttemberg"]
[Date "1994.??.??"]
[Round "?"]
[White "Votruba, Pavel"]
[Black "Ott, Frank"]
[Result "1-0"]
[WhiteElo "2370"]
[BlackElo "2265"]
[PlyCount "79"]
[EventDate "1993.10.??"]
[EventType "team"]
[EventRounds "9"]
[EventCountry "GER"]
[SourceTitle "GER"]
[Source "ChessBase"]
[SourceDate "1999.07.01"]
[SourceVersion "1"]
[SourceVersionDate "1999.07.01"]
[SourceQuality "1"]

1. Nf3 g6 2. e4 d6 3. d4 Bg7 4. h3 c5 5. d5 Nf6 6. Nc3 0-0 7. Be2 b5 8. Bxb5 Nxe4 9. Nxe4 Qa5+ 10. Nc3 Bxc3+ 11. bxc3 Qxb5 12. Bh6 Re8 13. Nd2 Ba6 14. c4 Qa4 15. 0-0 Nd7 16. Re1 Nb6 17. Re4 Qd7 18. Qf3 Rab8 19. Rae1 f6 20. g4 Na4 21. Re6 Rbd8 22. h4 Rb8 23. Kg2 Rbd8 24. g5 f5 25. Qd1 Kf7 26. Qa1 Rg8 27. Rxe7+ Qxe7 28. Rxe7+ Kxe7 29. Qf6+ Kd7 30. Qf7+ Kc8 31. Qxa7 Bb7 32. Qxa4 Rd7 33. Nb3 Re8 34. Na5 Red8 35. Qb5 Rc7 36. Qb6 Rcd7 37. a4 Rc7 38. Nc6 Re8 39. a5 Bxc6 40. dxc6 1-0